| 000 | 00716nam a22001937a 4500 | ||
|---|---|---|---|
| 003 | BD-DhUL | ||
| 005 | 20190902102046.0 | ||
| 008 | 160905s1996 b ||||| |||| 00| 0 ben | ||
| 020 | _a9789845060615 | ||
| 040 |
_aBD-DhUL _cBD-DhUL |
||
| 082 |
_a954.92 _bKHB |
||
| 100 | 1 | _aখান, রাও ফরমান আলী | |
| 245 | 1 | 0 |
_aবাংলাদেশের জন্ম / _cরাও ফরমান আলী খান, |
| 260 |
_aঢাকা : _bইউনিভার্সিটি প্রেস, _c১৯৯৬. |
||
| 300 |
_axxii, ১৯৯ পৃ. ; _c২২ সেমি |
||
| 650 | _aবাংলাদেশ - ইতিহাস | ||
| 650 | _aBangladesh - History | ||
| 942 |
_2ddc _cBK |
||
| 999 |
_c104529 _d104529 |
||